Raising a modern-day knight : (Record no. 9570)
[ view plain ]
| 000 -LEADER | |
|---|---|
| fixed length control field | 01627cam a2200361Ii 4500 |
| 001 - CONTROL NUMBER | |
| control field | 52800658 |
| 003 - CONTROL NUMBER IDENTIFIER | |
| control field | OCoLC |
| 005 - DATE AND TIME OF LATEST TRANSACTION | |
| control field | 20210118151824.0 |
| 008 - FIXED-LENGTH DATA ELEMENTS--GENERAL INFORMATION | |
| fixed length control field | 030806s1997 ilua b 000 0 eng d |
| 010 ## - LIBRARY OF CONGRESS CONTROL NUMBER | |
| LC control number | 96052752 |
| 020 ## - INTERNATIONAL STANDARD BOOK NUMBER | |
| International Standard Book Number | 1561797162 |
| 020 ## - INTERNATIONAL STANDARD BOOK NUMBER | |
| International Standard Book Number | 9781561797165 |
| 035 ## - SYSTEM CONTROL NUMBER | |
| System control number | (OCoLC)52800658 |
| 040 ## - CATALOGING SOURCE | |
| Original cataloging agency | OWL |
| Language of cataloging | eng |
| Description conventions | rda |
| Transcribing agency | OWL |
| Modifying agency | NVS |
| -- | BAKER |
| -- | NZHSD |
| -- | OCLCG |
| 082 04 - DEWEY DECIMAL CLASSIFICATION NUMBER | |
| Classification number | 248.8421 |
| Edition number | 22 |
| 090 ## - LOCALLY ASSIGNED LC-TYPE CALL NUMBER (OCLC); LOCAL CALL NUMBER (RLIN) | |
| Classification number (OCLC) (R) ; Classification number, CALL (RLIN) (NR) | BV4846 |
| Local cutter number (OCLC) ; Book number/undivided call number, CALL (RLIN) | .L48 1997b |
| 100 1# - MAIN ENTRY--PERSONAL NAME | |
| Personal name | Lewis, Robert, |
| Dates associated with a name | 1949 November 24- |
| Authority record control number or standard number | http://id.loc.gov/authorities/names/n92004844 |
| 245 10 - TITLE STATEMENT | |
| Title | Raising a modern-day knight : |
| Remainder of title | a father's role in guiding his son to authentic manhood / |
| Statement of responsibility, etc. | Robert Lewis. |
| 264 #1 - PRODUCTION, PUBLICATION, DISTRIBUTION, MANUFACTURE, AND COPYRIGHT NOTICE | |
| Place of production, publication, distribution, manufacture | Carol Stream, Ill. : |
| Name of producer, publisher, distributor, manufacturer | Tyndale House Publishers, |
| Date of production, publication, distribution, manufacture, or copyright notice | [1997] |
| 264 #4 - PRODUCTION, PUBLICATION, DISTRIBUTION, MANUFACTURE, AND COPYRIGHT NOTICE | |
| Date of production, publication, distribution, manufacture, or copyright notice | ©1997 |
| 300 ## - PHYSICAL DESCRIPTION | |
| Extent | viii, 168 pages : |
| Other physical details | illustrations ; |
| Dimensions | 22 cm. |
| 336 ## - CONTENT TYPE | |
| Content type term | text |
| Content type code | txt |
| Source | rdacontent |
| 337 ## - MEDIA TYPE | |
| Media type term | unmediated |
| Media type code | n |
| Source | rdamedia |
| 338 ## - CARRIER TYPE | |
| Carrier type term | volume |
| Carrier type code | nc |
| Source | rdacarrier |
| 490 1# - SERIES STATEMENT | |
| Series statement | Focus on the Family resources. |
| 504 ## - BIBLIOGRAPHY, ETC. NOTE | |
| Bibliography, etc. note | Includes bibliographical references (p. 165-168). |
| 650 #0 - SUBJECT ADDED ENTRY--TOPICAL TERM | |
| Topical term or geographic name entry element | Fathers and sons |
| General subdivision | Religious aspects |
| -- | Christianity. |
| Authority record control number or standard number | http://id.loc.gov/authorities/subjects/sh2008120304 |
| 650 #0 - SUBJECT ADDED ENTRY--TOPICAL TERM | |
| Topical term or geographic name entry element | Child rearing |
| General subdivision | Religious aspects |
| -- | Christianity. |
| Authority record control number or standard number | http://id.loc.gov/authorities/subjects/sh2008100397 |
| 650 #0 - SUBJECT ADDED ENTRY--TOPICAL TERM | |
| Topical term or geographic name entry element | Knights and knighthood |
| Authority record control number or standard number | http://id.loc.gov/authorities/subjects/sh85072692 |
| Form subdivision | Miscellanea. |
| Authority record control number or standard number | http://id.loc.gov/authorities/subjects/sh99001794 |
| 655 #7 - INDEX TERM--GENRE/FORM | |
| Genre/form data or focus term | Trivia and miscellanea. |
| Source of term | lcgft |
| Authority record control number or standard number | http://id.loc.gov/authorities/genreForms/gf2014026201 |
| 830 #0 - SERIES ADDED ENTRY--UNIFORM TITLE | |
| Uniform title | Focus on the Family presents. |
| Authority record control number or standard number | http://id.loc.gov/authorities/names/n2001045680 |
| 942 ## - ADDED ENTRY ELEMENTS (KOHA) | |
| Source of classification or shelving scheme | Dewey Decimal Classification |
| Koha item type | Books |
No items available.
